000 00435nam a2200193Ia 4500
003 OSt
005 20230208113014.0
008 210210b1900 xxu||||| |||| 00| 0 eng d
040 _cAL
041 _aFrench
082 _a444/66
100 _aCORNEILLE
_971278
245 _aHorace
260 _aOxford
_bAt the Clarendon Press
_c1900
650 _aHorace
_971279
690 _aFrench
_971280
906 _a006261
942 _2ddc
_cBK
999 _c129280
_d129280